Droit Pharmaceutique - Aléatoire - Statistiques

Statistiques générales
  • Ce quiz a été pris 173 fois
  • Le résultat moyen est 25 sur 48
Statistiques - réponses
Evènement Réponse % Correct
Europe des 28 2013
83%
Charte de l'environnement 2004
80%
Aujourd'hui on compte ... pays 27
77%
Partie ... Santé sexuelle et reproductive, droits de la femme et protection de la santé de l'enfant, de l'adolescent et du jeune adulte II
77%
Partie ... Protection générale de la santé I
73%
Partie ... Lutte contre les maladies et dépendances III
73%
Constitution française 1958
70%
Europe des 27 2007
70%
On augmente le nombre d'officines autorisées par tranche supplémentaire de ..... habitants 4500
70%
Partie ... Professions de santé, médicale et pharmaceutique IV
70%
Préambule de la Constitution 1946
67%
Europe des 6 1957
67%
Directive 65/65 1965
67%
Traité de Nice 2003
67%
Nombre d'habitants recensés pour ouvrir une officine 2500
67%
L'Ordonnance est définie dans l'article 38
67%
Partie ... Etablissements et services de santé VI
67%
Code pénal 1810
63%
Partie ... Produits de santé, médicaments et dispositifs médicaux V
63%
Code civil français 1804
60%
Europe des 10 1981
60%
Europe des 15 1995
60%
Europe des 25 2004
60%
Article qui organise les compétences 34
60%
Déclaration de 1789
57%
Europe des 12 1986
57%
Création de l'ANSM 2012
53%
Europe des 9 1973
50%
Marché unique européen 1987
50%
Déclaration historique de Robert Schuman 9 mai 1950
50%
EMA recommande le retrait des médicaments contenant du benfluorex (mois + année) décembre 2009
50%
Commercialisation du médiator 1976
47%
Création logo spécifique pour les pharmacies en ligne 2015
47%
AMM du médiator 1974
43%
Reconnaissance de l'euro comme monnaie unique (en circulation en 2002) 1er janvier 1999
40%
Retiré du marché par l'AFSSAPS (mois + année) novembre 2009
37%
Création de l'agence européenne du médicament (EMA) 1993
33%
Loi du ......... : unité du droit 30 ventose an XII
33%
Création de la CECA pour une période de 50 ans (entrée en vigueur 1 an plus tard) 18 avril 1951
30%
Loi de modernisation de notre système de santé 26 juillet 2019
30%
Traité de Lisbonne (applicable depuis 2009 et modifié en 2012) 13 décembre 2007
27%
Médicaments dérivés du sang ou encore les Bonnes Pratiques de Fabrication 1989
27%
Directive concernant la prévention des médicaments falsifiés 2011
27%
Signature à Rome du traité de la CEE et EURATOM (durée illimitée) (entrée en vigueur 1 an plus tard) 25 mars 1957
27%
Loi qui permet la création de l'AFSSAPS 1er juillet 1998
23%
Signature du traité d'UE à Maastricht (entrée en vigueur 1 an plus tard) 7 février 1992
23%
Loi du ................. avec la réforme de l'expertise sanitaire 29 décembre 2011
20%
Loi qui a permis la création de l'Agence du médicament 4 janvier 1994
17%
Aucun quiz correspondant
Distribution des résultats
% des personnes avec chaque résultat
Percentile par nombre de réponses
Votre historique - résultats
Vous n’avez pas pris ce quiz